Social capital influence in illicit drug use among racial/ethnic groups in the United States

Gespeichert in:  
Bibliographische Detailangaben
1. VerfasserIn: Reynoso-Vallejo, Humberto (Verfasst von)
Medienart: Elektronisch Aufsatz
Sprache:Englisch
Veröffentlicht: 2011
In: Journal of ethnicity in substance abuse
Jahr: 2011, Band: 10, Heft: 2, Seiten: 91-111
Online-Zugang: Volltext (lizenzpflichtig)
Verfügbarkeit prüfen: HBZ Gateway

MARC

LEADER 00000caa a22000002c 4500
001 1912705419
003 DE-627
005 20250122055035.0
007 cr uuu---uuuuu
008 241217s2011 xx |||||o 00| ||eng c
024 7 |a 10.1080/15332640.2011.572532  |2 doi 
035 |a (DE-627)1912705419 
035 |a (DE-599)KXP1912705419 
040 |a DE-627  |b ger  |c DE-627  |e rda 
041 |a eng 
084 |a 2,1  |2 ssgn 
100 1 |a Reynoso-Vallejo, Humberto  |e VerfasserIn  |4 aut 
245 1 0 |a Social capital influence in illicit drug use among racial/ethnic groups in the United States 
264 1 |c 2011 
336 |a Text  |b txt  |2 rdacontent 
337 |a Computermedien  |b c  |2 rdamedia 
338 |a Online-Ressource  |b cr  |2 rdacarrier 
773 0 8 |i Enthalten in  |t Journal of ethnicity in substance abuse  |d Philadelphia, Pa. : Routledge, Taylor & Francis Group, 2002  |g 10(2011), 2, Seite 91-111  |h Online-Ressource  |w (DE-627)355986507  |w (DE-600)2091219-5  |w (DE-576)306830329  |x 1533-2659  |7 nnas 
773 1 8 |g volume:10  |g year:2011  |g number:2  |g pages:91-111 
787 0 8 |i Forschungsdaten  |a United States Department of Health and Human Services. Substance Abuse and Mental Health Services Administration. Office of Applied Studies  |t National Survey on Drug Use and Health, 2003  |d [Erscheinungsort nicht ermittelbar] : [Verlag nicht ermittelbar], 2004  |w (DE-627)1840045280 
856 4 0 |u https://doi.org/10.1080/15332640.2011.572532  |x Resolving-System  |z lizenzpflichtig  |3 Volltext  |7 1 
935 |a mkri 
951 |a AR 
ELC |a 1 
LOK |0 000 xxxxxcx a22 zn 4500 
LOK |0 001 4637670977 
LOK |0 003 DE-627 
LOK |0 004 1912705419 
LOK |0 005 20241217045009 
LOK |0 008 241217||||||||||||||||ger||||||| 
LOK |0 035   |a (DE-2619)ICPSR99494 
LOK |0 040   |a DE-2619  |c DE-627  |d DE-2619 
LOK |0 092   |o n 
LOK |0 852   |a DE-2619 
LOK |0 852 1  |9 00 
LOK |0 935   |a nacp 
LOK |0 939   |a 17-12-24  |b l01 
ORI |a SA-MARC-krimdoka001.raw